00428nam a2200121Ia 4500008004100000245016500041260001700206260000900223300000900232650002300241650001200264856003000276170516s9999 xx 000 0 und d aManganese (II) Chelate Functionalized Copper Sulfide Nanoparticles for Efficient Magnetic Resonance/Photoacoustic Dual-Modal Imaging Guided Photothermal Therapy bTheranostics c2015 a5:10 xMedical Technology xMedtech uhttp://www.thno.org/v5i10